| 000 | 01225nam a2200301 a 4500 | ||
|---|---|---|---|
| 003 | EG-GiCUC | ||
| 005 | 20250223025615.0 | ||
| 008 | 090513s1995 ua do f m 000 0 eng d | ||
| 040 |
_aEG-GiCUC _beng _cEG-GiCUC |
||
| 041 | 0 | _aeng. | |
| 049 | _aDeposite | ||
| 097 | _aPh.D. | ||
| 099 | _aCai01.09.07.Ph.D.1995.Hi.S | ||
| 100 | 0 | _aHisham Yehia Elbatawi | |
| 245 | 1 | 2 |
_aA study on the protective effect of immunization against some cariogenic microflora / _cHisham Yehia Elbatawi ; Supervised Nawal Ahmad Soliman , Samira Abdulbaki Shoaib , Mohammad Saied Elgridly |
| 246 | 1 | 5 | _aدراسة عن التأثير المناعى للتحصين ضد بعض ميكروبات التسوس |
| 260 |
_aCairo : _bHisham Yehia Elbatawi , _c1995 |
||
| 300 |
_a102Leaves : _bcharts , photographs ; _c30cm |
||
| 502 | _aThesis (Ph.D.) - Cairo University - Faculty of Oral and Dental Medicine - Department of Pedodontics | ||
| 700 | 0 |
_aMohammad Saied Elgridly , _eSupervisor |
|
| 700 | 0 |
_aNawal Ahmad Soliman , _eSupervisor |
|
| 700 | 0 |
_aSamira Abdulbaki Shoaib , _eSupervisor |
|
| 856 | _uhttp://172.23.153.220/th.pdf | ||
| 902 | _a1 | ||
| 905 |
_aNazla _eRevisor |
||
| 905 |
_aSoheir _eCataloger |
||
| 942 |
_2ddc _cTH |
||
| 999 |
_c16637 _d16637 |
||